000 00599nam a22002177a 4500
999 _c806
_d806
001 806
003 BD-JhCC
005 20220811134024.0
008 171010s20062005bg a|||| ||a| 00| 0 b d
035 _a(BD-JhCC)806
040 _aBD-JhCC
_dBD-JhCC
041 _aeng
082 _a891.443
_bMIL 2006
100 _aমিলন, ইমদাদুল হক
245 _aএকা /
_cইমদাদুল হক মিলন
260 _aঢাকা :
_bঅন্য প্রকাশ,
_c2006
300 _a200 p. :
_c22 cm.
650 _aBengali novel
942 _2ddc
_cBK
_010